STN EN 31252 Lasery a laserové zariadenia - Laserové zariadenie Minimálne požiadavky na dokumnetáciu

Bibliographic Details
Format: Book
Language:Undetermined
PhysicalDescription:8 s.
Published: Bratislava Slovenský ústav technickej normalizácie 1998

MARC

LEADER 00000nam a2200000 a 4500
001 vtls001337862
003 SK-MaSNL
005 20260224195514.0
008 180126sm y0 xo 0 und
035 |a SNK000290877 
040 |a SNK  |b slo  |c SNK  |e AACR2 
044 |a xo  |c SK 
245 1 |a STN EN 31252 Lasery a laserové zariadenia - Laserové zariadenie  |b Minimálne požiadavky na dokumnetáciu 
260 |a Bratislava  |b Slovenský ústav technickej normalizácie  |c 1998 
300 |a 8 s. 
999 |c 1148413  |d 1150343 
952 |t P60, <04>, [BOOK], {604}  |a SNK  |b SNK  |y VYP  |7 0  |p 17A0147362  |o snkSTN EN 31252 D1  |i snkN 794/98  |0 0  |1 0  |4 0  |d 1998-07-22  |l 0  |r 2005-01-02 00:00:00  |w 2026-02-24 
952 |t P60, <03>, [BOOK], {603}  |a SNK  |b SNK  |y PREZ  |7 0  |p 17A0147363  |o snkSTN EN 31252  |i snkN 793/98  |0 0  |1 0  |4 0  |d 1998-07-22  |l 0  |r 2005-01-02 00:00:00  |w 2026-02-24